| 000 | 00540nam a22002057a 4500 | ||
|---|---|---|---|
| 003 | OSt | ||
| 005 | 20140310182845.0 | ||
| 008 | 130611t xxu||||| |||| 00| 0 eng d | ||
| 020 | _a184202132 | ||
| 050 |
_aTT 504 _b.P333 2001 |
||
| 082 |
_aM 746.92 _bP28 2001 |
||
| 245 |
_aIn fashion / _cPaulve, Dominique |
||
| 260 |
_aLondon : _bCassell & Co, Wellington House, _c2001. |
||
| 300 |
_a125 p. : _bill. col. ; _c18 cm. |
||
| 521 | _aCollege Students | ||
| 526 | _c1210L-1700L | ||
| 541 | _j1 | ||
| 562 | _e1 | ||
| 942 |
_2lcc _cBK _kM |
||
| 999 |
_c16905 _d16905 |
||